Vplyv ekonomiky pestovania hrozna na ďalší rozvoj vinohradníctva JRD v Modre

Bibliographic Details
Main Author: Pešková, Helena (Author)
Format: Article
Language:Slovak
PhysicalDescription:Tb. 4.
Subjects:

MARC

LEADER 00000nab a2200000 a 4500
001 vtls000193361
003 SK-MaSNL
005 20260302205401.0
008 111106c1984 xo 0 slo
015 |a SNBRB19rr/mm-uuuuu 
035 |a CL0203474 
040 |a SNKBUCL  |b slo  |c SNKBUCL  |e AACR2 
041 0 |a slo 
044 |a xo  |c SK 
080 |a 634.8  |2 1981 
080 |a 631.115.6  |2 1981 
100 1 |a Pešková, Helena  |4 aut  |9 604876 
245 1 0 |a Vplyv ekonomiky pestovania hrozna na ďalší rozvoj vinohradníctva JRD v Modre  |c Helena Pešková 
300 |b Tb. 4. 
650 0 7 |a vinohradníctvo  |2 snkbucl  |9 1657 
650 0 7 |a JRD Modra, Slovensko  |2 snkbucl  |9 927104 
655 7 |a články z novín a časopisov  |2 snkbucl  |9 267496 
773 0 |t Vinohrad  |g Roč. 22, č. 9 (1984), s. 199-200 
850 |a Slovenská národná knižnica v Martine  |a MTA001 
852 |a SNK  |b KIS3GCP 
958 |a RK 
992 |a RBX 
999 |c 1477516  |d 1479446